000 00618nam a2200205Ii 4500
003 JO-AjNU
008 230606s9999||||xx |||||||||||||| ||und||
020 _a978-81-317-2356-2
040 _aJO-AjNU
_beng
_erda
_cJO-AjNU
041 _aeng
050 1 4 _aQA267.3.2009
100 3 _aKrithivasan,Kamala,
_eauthor
_93040
245 0 0 _aIntroduction to Formal Languages Automata Theory and Computaion
264 3 1 _adelhi:PEARSON,2009
300 _a424p
336 _atext
_btxt
_2rdacontent
337 _aunmediated
_bn
_2rdamedia
338 _avolume
_bnc
_2rdacarrier
650 4 _a Computational complexity. 
_93041
999 _aE1595
_c1595
_d1595